LEADER 02677nam a2200397 i 4500 001 000000001424 003 CaOOAMICUS 005 20250616140001.0 008 180830s19742004it a u000 u ita u 040 $aSeMil$bita 245 00$aPopoli e civiltà dell'Italia antica /$cG. A. Mansuelli, M. Pallottino, A. L. Prosdocimi. 260 $aRoma :$bEnte per la diffusione e l'educazione storica : [poi] Biblioteca di storia patria : [poi] Spazio tre,$c1974-2004. 300 $av. ;$c25 cm. 490 1 $aBiblioteca di storia patria 650 4$aPopoli italici - Storia.$0(OLS)http://semarc/subject/31787 650 4$aItalia antica - Civiltà.$0(OLS)http://semarc/subject/13826 700 1 $aProsdocimi, Luigi,$d<1911-2008>.$0(OLS)http://semarc/name/2563 700 1 $aMansuelli, Guido Achille.$0(OLS)http://semarc/name/73056 700 1 $aPallottino, Massimo.$0(OLS)http://semarc/name/1287 710 0 $aEnte per la diffusione e l'educazione storica .$0(OLS)http://semarc/name/1043 774 0 $tVol. 1.$dRoma : Biblioteca di Storia Patria : Ente per la diffusione e l'educazione storica, 1974.$g1$w()68288 774 0 $tVol. 2.$dRoma : Biblioteca di Storia Patria, 1999.$g2$w()71016 774 0 $tVol. 3.$dRoma : Biblioteca di Storia Patria : Ente per la diffusione e l'educazione storica, 1974.$g3$w()70197 774 0 $tVol. 4.$dRoma : Biblioteca di Storia Patria : Ente per la diffusione e l'educazione storica, 1975.$g4$w()70492 774 0 $tVol. 5..$dRoma : Biblioteca di Storia Patria : Ente per la diffusione e l'educazione storica, 1977.$g5$w()69658 774 0 $tVol. 6 : Lingue e dialetti.$dRoma : Biblioteca di Storia Patria, 1978.$g6$w()71323 774 0 $tVol. 7.$dRoma : Biblioteca di Storia Patria : Ente per la diffusione e l'educazione storica, 1982.$g7$w()40786 774 0 $tVol. 8.$dRoma : Biblioteca di Storia Patria, 1986.$g8$w()70184 774 0 $tVol. 9 : Protostoria dell'Italia continentale.$dRoma : Biblioteca di Storia Patria, [1989]$g9$w()69668 774 0 $tVol. 10 : Il Paleolitico e il Mesolitico in Italia.$dRoma : Biblioteca di Storia Patria, 2000.$g10$w()70183 774 0 $tVol. 11 : Neolitico ed Eneolitico.$dRoma : Biblioteca di Storia Patria, 1992.$g11$w()68298 774 0 $tVol. 12 : Celti d'Italia.$dRoma : Spazio Tre, 2004.$gVolume 12$w()11736 830 0$aBiblioteca di storia patria.$0(OLS)http://semarc/title/454324 996 $6245$aPopoli e civiltà dell'Italia antica$9(OLS)http://semarc/title/2292 996 $6260$aRoma :$bEnte per la diffusione e l'educazione storica : [poi] Biblioteca di storia patria : [poi] Spazio tre$9(OLS)http://semarc/publisher/62411 LEADER 01068nam a2200241 i 4500 001 000000105919 003 CaOOAMICUS 005 20040831000000.0 008 040831s1954 it u000 u mul u 013 $a78113 040 $aSeMil$bita 100 1 $aSturzo, Luigi,$c.$0(OLS)http://semarc/name/414 245 13$aLa comunità internazionale e il diritto di guerra /$cLuigi Sturzo. 250 $a1. ed. italiana riveduta. 300 $aXLVIII, 346 p. 500 $aContiene : Bibliografia. 650 4$aSturzo, Luigi - Opere.$0(OLS)http://semarc/subject/3873 773 0 $tOpera Omnia di Luigi Sturzo.$dRoma : Edizioni di Storia e Letteratura $gSerie1$w()11961 773 0 $aSturzo, Luigi $tOpere.$dRoma : Edizioni di Storia e Letteratura, [192?]$g2$w()11962 850 $aSeMil 852 $aSeMil$W1$xVenegono$y1$m3N VI 292$j62074$B62074$CSeMilBibl$Z2$F85789 $81 961 $aRecupero: Altro 996 $6245$aLa comunità internazionale e il diritto di guerra$9(OLS)http://semarc/title/153455